Environmental laboratory : Exercises for instrumental analysis and environmental chemistry

Gespeichert in:
Bibliographische Detailangaben
1. Verfasser: Dunnivant, Frank M.
Format: Buch
Sprache:Undetermined
Veröffentlicht: New Jersey Wiley- Interscience 2004
Schlagworte:
Tags: Tag hinzufügen
Keine Tags, Fügen Sie den ersten Tag hinzu!
Thư viện lưu trữ: Trung tâm Học liệu Trường Đại học Cần Thơ
LEADER 00704nam a2200217Ia 4500
001 CTU_213466
008 210402s9999 xx 000 0 und d
082 |a 628 
082 |b D924 
100 |a Dunnivant, Frank M. 
245 0 |a Environmental laboratory : 
245 0 |b Exercises for instrumental analysis and environmental chemistry 
245 0 |c Frank M. Dunnivant 
260 |a New Jersey 
260 |b Wiley- Interscience 
260 |c 2004 
650 |a Environmental chemistry,Instrumental analysis 
650 |x Laboratory manuals,Laboratory manuals 
904 |i Tuyến 
910 |a Sách kèm đĩa có số AV.000648 
980 |a Trung tâm Học liệu Trường Đại học Cần Thơ